000 00580nam a2200169 a 4500
001 11992
003 CO-ViMGA
008 141112s2004 ck r 000 u spa d
040 _aCO-ViMGA
_bspa
_cCO-ViMGA
082 0 4 _aR623.51 R37a
245 1 0 _aNormas y requisitos para la tenencia y porte de armas, municiones, explosivos y sus accesorios
260 _aSantafé de Bogotá,
_cBacatá editores,
_c1994
300 _a64 p.
650 1 4 _aARMAS DE FUEGO - INDUSTRIA Y COMERCIO - LEGISLACION, COLOMBIA
_916900
650 1 4 _aMUNICIONES - LEGISLACION, COLOMBIA
_916901
942 _2ddc
_cBK
999 _c23045
_d23045